Jornada didáctica : perspectivas del mercado de granos e instrumentos comerciales /
Guardado en:
| Autor Corporativo: | |
|---|---|
| Formato: | Libro |
| Idioma: | Spanish |
| Publicado: |
Bordenave :
INTA EEA Bordenave,
1996.
|
| Etiquetas: |
Agregar Etiqueta
Sin Etiquetas, Sea el primero en etiquetar este registro!
|
| LEADER | 00638nam a22001455a 4500 | ||
|---|---|---|---|
| 001 | EEA.libagro005669 | ||
| 005 | 20161012124654.0 | ||
| 008 | 130809s1996####ag#a##########000#0#spa#d | ||
| 082 | 0 | 4 | |a 380.1413 |
| 245 | 1 | 0 | |a Jornada didáctica : |b perspectivas del mercado de granos e instrumentos comerciales / |c Héctor N. Niell. |
| 260 | |a Bordenave : |b INTA EEA Bordenave, |c 1996. | ||
| 300 | |a 17 p. : |b il. ; |c 26 cm. | ||
| 500 | |a EXPO Darregueira '96. 16 de noviembre de 1996. | ||
| 710 | 2 | |a Instituto Nacional de Tecnología Agropecuaria (Argentina). |b Estación Experimental Agropecuaria Bordenave. | |
| 859 | |a AR-BbBCA |b BIB. AGRONOMIA |h 380.1413 |i J82 1996 |p 1997/3013 | ||
